00000000nam##2200000za#4500
0019.676600
003CaOODSP
00520250403105609
007cr |||||||||||
008150407|1989||||xxc|||||o    f|0| 0 fre|d
040 |aCaOODSP|bfre
041 |aeng
041 |afre
043 |an-cn---
0861 |aCS96-F0026/1989-PDF
24500|aEstimations de la population selon la première langue officielle parlée : |h[ressource électronique]|bCanada, provinces, territoires, divisions et subdivisions de recensement, régions métropolitaines de recensement
260 |aOttawa - Ontario : |bStatistique Canada |c1989.
300 |aVol. 1.|btableaux
500 |aPublication du recensement historique numérisé par Statistique Canada.
590 |a13-07-Supp|b2013-03-25
69107|aDonnées du recensement|2gcpds
69107|aLangue officielle|2gcpds
7102 |aStatistique Canada.
791 |tPopulation estimates by first official language spoken : |eeng|w(CaOODSP)9.676599
85640|ahttp://publications.gc.ca|qPDF|s9.3 Mo|uhttps://publications.gc.ca/collections/collection_2013/statcan/rh-hc/CS96-F0026-1989.pdf